000
00311nam a2200145Ia 4500
100
_a
Mukhis / Vijay
942
_c
BK
654
_a
Oracle 6.0.
245
_a
Mastering Oracle 6.0. Pro C
260
_b
B.P.B. Pub
_a
New Delhi
_c
1993
082
_a
005.13 'O'
300
_a
566
546
_a
ENGLISH
999
_c
33888
_d
33888